[Event "Regionalliga SW 1718 (Women)"]
[Site "Germany"]
[Date "2017.12.17"]
[Round "3.2"]
[White "Wallrabenstein, Elena"]
[Black "Nguyen, Julia"]
[Result "1-0"]
[WhiteElo "1789"]
[BlackElo "1344"]
[PlyCount "45"]
[EventDate "2017.10.15"]
[EventType "team-tourn"]
[EventRounds "5"]
[EventCountry "GER"]
[SourceTitle "CBM 183 Extra"]
[Source "ChessBase"]
[SourceDate "2018.04.19"]
[SourceVersion "1"]
[SourceVersionDate "2018.04.19"]
[SourceQuality "1"]
[WhiteTeam "Oberhessen (W)"]
[BlackTeam "Gernsheim (W) II"]
[WhiteTeamCountry "GER"]
[BlackTeamCountry "GER"]

1. e4 e5 2. Nf3 Nc6 3. Bb5 d6 4. d4 Bd7 5. dxe5 Nxe5 6. Bxd7+ Qxd7 7. Nxe5 dxe5 8. Qxd7+ Kxd7 9. 0-0 Rd8 10. Nc3 Kc8 11. Be3 Nf6 12. Bg5 Bc5 13. Nd5 Rd6 14. Bxf6 gxf6 15. Rad1 Rhd8 16. g3 f5 17. Ne7+ Kb8 18. Rxd6 Rxd6 19. Nxf5 Rd2 20. Ne3 Bxe3 21. fxe3 Rxc2 22. Rxf7 Rxb2 23. Rf8# 1-0

[Event "Regionalliga SW 1718 (Women)"]
[Site "Germany"]
[Date "2017.10.15"]
[Round "1.2"]
[White "Nguyen, Julia"]
[Black "Morales Rivas, Lucia"]
[Result "0-1"]
[WhiteElo "1344"]
[BlackElo "1714"]
[PlyCount "108"]
[EventDate "2017.10.15"]
[EventType "team-tourn"]
[EventRounds "5"]
[EventCountry "GER"]
[SourceTitle "CBM 183 Extra"]
[Source "ChessBase"]
[SourceDate "2018.04.19"]
[SourceVersion "1"]
[SourceVersionDate "2018.04.19"]
[SourceQuality "1"]
[WhiteTeam "Gernsheim (W) II"]
[BlackTeam "Birkenfeld (W)"]
[WhiteTeamCountry "GER"]
[BlackTeamCountry "GER"]

1. e4 c6 2. Nf3 d5 3. exd5 cxd5 4. d4 Bg4 5. Bf4 Nc6 6. Bb5 Qb6 7. Bxc6+ bxc6 8. Nbd2 e6 9. 0-0 Nf6 10. Qe1 Bxf3 11. Nxf3 c5 12. Rd1 cxd4 13. Nxd4 Bc5 14. Nb3 Be7 15. Qc3 0-0 16. Be5 Rac8 17. Qg3 Rxc2 18. Rd3 Re2 19. Rf3 Nh5 20. Bd4 Nxg3 21. Bxb6 Nxf1 22. Kxf1 Rxb2 23. Bxa7 Ra8 24. Bd4 Rb1+ 25. Ke2 Rxa2+ 26. Nd2 Bg5 27. Be3 Bxe3 28. Rxe3 Rbb2 29. Rd3 Rxd2+ 30. Rxd2 Rxd2+ 31. Kxd2 Kf8 32. Ke3 Ke7 33. Kd2 Kf6 34. Ke2 Kf5 35. Kf3 h5 36. h3 e5 37. Ke3 g5 38. g3 f6 39. f3 d4+ 40. Kd3 Ke6 41. Ke4 f5+ 42. Kd3 Kd5 43. g4 hxg4 44. hxg4 fxg4 45. fxg4 e4+ 46. Kd2 Ke5 47. Ke2 Kf4 48. Kf2 Kxg4 49. Kg2 e3 50. Kf1 Kf3 51. Ke1 e2 52. Kd2 Kf2 53. Kd3 e1R 54. Kxd4 g4 0-1

[Event "Regionalliga SW 1617 (Women)"]
[Site "Germany"]
[Date "2017.01.22"]
[Round "3.2"]
[White "Lukas, Anne"]
[Black "Nguyen, Julia"]
[Result "1-0"]
[WhiteElo "1826"]
[BlackElo "1258"]
[PlyCount "99"]
[EventDate "2016.10.23"]
[EventType "team-tourn"]
[EventRounds "5"]
[EventCountry "GER"]
[SourceTitle "EXT 2018"]
[Source "ChessBase"]
[SourceDate "2017.10.13"]
[SourceVersion "1"]
[SourceVersionDate "2017.10.13"]
[SourceQuality "1"]
[WhiteTeam "Gernsheim (W)"]
[BlackTeam "Gernsheim (W) II"]
[WhiteTeamCountry "GER"]
[BlackTeamCountry "GER"]

1. d4 d5 2. c4 Nf6 3. Nc3 e6 4. Bg5 Bb4 5. e3 Nc6 6. cxd5 exd5 7. Bd3 Be6 8. Nf3 0-0 9. 0-0 Be7 10. a3 Qd7 11. Qc2 h6 12. Bh4 Rad8 13. b4 Bg4 14. b5 Nb8 15. Ne5 Qe6 16. f3 Bh5 17. Bf5 Qd6 18. Bg3 Qb6 19. Qb3 c6 20. Rab1 Nbd7 21. Nd3 Bg6 22. Bxg6 fxg6 23. a4 Nh5 24. Be1 Bg5 25. f4 Be7 26. a5 Qc7 27. Bd2 g5 28. Rbc1 gxf4 29. Nxd5 Qd6 30. Nxe7+ Kh8 31. Bb4 c5 32. Nxc5 Qxe7 33. Ne6 Qf6 34. Bxf8 Nxf8 35. Nxd8 Qxd8 36. Qf7 Nf6 37. Rc7 N8d7 38. Rfc1 fxe3 39. Rc8 Qxc8 40. Rxc8+ Kh7 41. Qe7 b6 42. axb6 axb6 43. Qxe3 Kg6 44. Rc6 Kh7 45. Qe7 Kg6 46. Qxd7 Kh7 47. Rxf6 Kg8 48. Qf7+ Kh8 49. Rg6 h5 50. Qxg7# 1-0

[Event "Hessen-ch U12"]
[Site "Bad Homburg"]
[Date "2012.??.??"]
[Round "6"]
[White "Nguyen, Julia"]
[Black "Maurer, Eric"]
[Result "0-1"]
[WhiteElo "810"]
[BlackElo "851"]
[PlyCount "98"]
[EventDate "2012.04.??"]
[EventType "swiss"]
[EventRounds "9"]
[EventCountry "GER"]
[SourceTitle "EXT 2015"]
[Source "ChessBase"]
[SourceDate "2014.11.20"]
[SourceVersion "1"]
[SourceVersionDate "2014.11.20"]
[SourceQuality "1"]

1. e4 c5 2. Nc3 e6 3. Nf3 b6 4. Bb5 g6 5. d3 Bg7 6. Bd2 Ne7 7. Qe2 0-0 8. 0-0-0 d6 9. Rhe1 Bb7 10. Ng5 Nbc6 11. Qf3 h6 12. Nh3 Kh7 13. Nf4 Nd4 14. Qh3 e5 15. Nfe2 Nxe2+ 16. Nxe2 Rh8 17. Bd7 Bc8 18. Bg4 Kg8 19. Qg3 Bxg4 20. Qxg4 Qc8 21. Qg3 Qa6 22. Nc3 b5 23. a3 b4 24. Nb1 bxa3 25. Nxa3 Rb8 26. Bc3 h5 27. Qg5 Bh6 28. Qxh6 Rxh6 29. Re3 Kg7 30. Rf3 Nc6 31. Kd2 Nd4 32. Re3 Qa4 33. Rc1 Nb5 34. Ree1 Nxa3 35. b3 Qc6 36. Ra1 Nb5 37. Bb2 Rhh8 38. Ke2 Nd4+ 39. Kf1 Nxc2 40. Red1 Nxa1 41. Bxa1 Rxb3 42. g3 Rhb8 43. Re1 Rb1 44. Bc3 Rxe1+ 45. Bxe1 Rb2 46. h3 f5 47. Kg1 fxe4 48. dxe4 Qxe4 49. Kf1 Qh1# 0-1

[Event "Hessen-ch U12"]
[Site "Bad Homburg"]
[Date "2012.??.??"]
[Round "9"]
[White "Nguyen, Julia"]
[Black "Scherer, Sarah"]
[Result "1/2-1/2"]
[WhiteElo "810"]
[BlackElo "1040"]
[PlyCount "32"]
[EventDate "2012.04.??"]
[EventType "swiss"]
[EventRounds "9"]
[EventCountry "GER"]
[SourceTitle "EXT 2015"]
[Source "ChessBase"]
[SourceDate "2014.11.20"]
[SourceVersion "1"]
[SourceVersionDate "2014.11.20"]
[SourceQuality "1"]

1. e4 c5 2. Nc3 Nc6 3. Bb5 Qb6 4. d3 Nf6 5. Nf3 g6 6. 0-0 Bg7 7. Bg5 0-0 8. Qd2 d6 9. h3 a6 10. Bxc6 Qxc6 11. Rae1 e5 12. Bh6 Be6 13. Rd1 Qb6 14. b3 Qb4 15. Bg5 d5 16. Nxe5 d4 1/2-1/2

[Event "Hessen-ch U12"]
[Site "Bad Homburg"]
[Date "2012.??.??"]
[Round "3"]
[White "Nguyen, Julia"]
[Black "Wallrabenstein, Maja"]
[Result "1/2-1/2"]
[WhiteElo "810"]
[BlackElo "991"]
[PlyCount "28"]
[EventDate "2012.04.??"]
[EventType "swiss"]
[EventRounds "9"]
[EventCountry "GER"]
[SourceTitle "EXT 2015"]
[Source "ChessBase"]
[SourceDate "2014.11.20"]
[SourceVersion "1"]
[SourceVersionDate "2014.11.20"]
[SourceQuality "1"]

1. e4 b6 2. Nc3 Bb7 3. d4 d6 4. Nf3 Nf6 5. Bd3 Nc6 6. Bg5 e6 7. Bb5 Be7 8. Qd3 0-0 9. 0-0-0 h6 10. Bf4 Ng4 11. Rhf1 Re8 12. h3 Nf6 13. Rfe1 Nb4 14. Qe3 c6 1/2-1/2